书目信息 |
| 题名: |
概率论与数理统计
|
|
| 作者: | 李博纳 , 赵新泉 主编 | |
| 分册: | ||
| 出版信息: | 北京 高等教育出版社 2006.05 |
|
| 页数: | 267页 | |
| 开本: | 23cm | |
| 丛书名: | ||
| 单 册: | ||
| 中图分类: | O21 | |
| 科图分类: | ||
| 主题词: | 数理统计--shu li tong ji--高等学校--教材 , 概率论--gai lu lun--高等学校--教材 | |
| 电子资源: | ||
| ISBN: | 7-04-019374-4 | |
| 000 | 00926nam0 2200265 450 | |
| 001 | 012006915673 | |
| 005 | 20061127163237.07 | |
| 010 | @a7-04-019374-4@dCNY18.90 | |
| 100 | @a20061026d2006 km y0chiy0120 ea | |
| 101 | 0 | @achi |
| 102 | @aCN@b110000 | |
| 105 | @aa z 000yy | |
| 200 | 1 | @a概率论与数理统计@Agai lu lun yu shu li tong ji@f李博纳, 赵新泉@Fli bo na,zhao xin quan |
| 210 | @a北京@c高等教育出版社@d2006.05 | |
| 215 | @a267页@c图@d23cm | |
| 300 | @a高等学校经济管理学科数学基础系列教材 | |
| 330 | @a本书系统介绍了随机事件与概率、随机变量及其概率分布、多维随机变量及其分布、随机变量的数字特征等内容。 | |
| 510 | 1 | @aProbability and statistics@zeng |
| 606 | 0 | @a数理统计@Ashu li tong ji@x高等学校@j教材 |
| 606 | 0 | @a概率论@Agai lu lun@x高等学校@j教材 |
| 690 | @aO21@v4 | |
| 701 | 0 | @a李博纳@Ali bo na@4主编 |
| 701 | 0 | @a赵新泉@Azhao xin quan@4主编 |
| 801 | 0 | @aCN@c20061127 |
| 905 | @a10447@dO21@eL124 | |
| 概率论与数理统计/李博纳, 赵新泉.-北京:高等教育出版社,2006.05 |
| 267页:图;23cm |
| 高等学校经济管理学科数学基础系列教材 |
| ISBN 7-04-019374-4:CNY18.90 |
| 本书系统介绍了随机事件与概率、随机变量及其概率分布、多维随机变量及其分布、随机变量的数字特征等内容。 |
| ● |
| 相关链接 |
|
|
|
正题名:概率论与数理统计
索取号:O21/L124
 
预约/预借
| 序号 | 登录号 | 条形码 | 馆藏地/架位号 | 状态 | 备注 |
| 1 | 224446 | 202244464 | 自科库401/401自科库 46排3列4层/ [索取号:O21/L124] | 在馆 | |
| 2 | 224447 | 202244473 | 自科库401/401自科库 46排3列4层/ [索取号:O21/L124] | 在馆 | |
| 3 | 224448 | 202244482 | 自科库401/401自科库 46排3列4层/ [索取号:O21/L124] | 在馆 |